01042cam a2200289 a 450000100090000000300050000900500170001400800410003101000170007202000180008904000180010704200140012504300120013905000260015108200190017710000220019624500980021826000370031630000330035349000300038650001010041660000520051760000540056965000680062370000240069183000370071513012870SISC20160601104756.0021125r20031997nyua j 000 0 eng  a 2002154481 a9780679877059 aDLCcDLCdDLC apccalcac an-us---00aHV 1624 .K4bH88 200300a362.4/1/092aB1 aHurwitz, Johanna.10aHelen Keller :bcourage in the dark /cby Johanna Hurwitz ; illustrated by Neverne Covington. aNew York :bRandom House,c2003. a47 p. :bcol. ill. ;c23 cm.1 aStep into reading. Step 4 aOriginally published: New York : Random House, c1997, in series: Step into reading. Step 3 book.10aKeller, Helen,d1880-1968vJuvenile literature.10aSullivan, Annie,d1866-1936vJuvenile literature. 0aDeafblind womenzUnited StatesvBiographyvJuvenile literature.1 aCovington, Neverne. 0aStep into reading.pStep 4 book.